000
00272nam a2200097Ia 4500
082
_a
658.4092|HAND
245
0
_a
Raise your leaders
100
_a
Handley, Jenny South Africa, 2013 First edition
_9
60825
942
_c
BK
008
210817s9999 xx 000 0 und d
999
_c
191221
_d
191219